Представление документа в формате RUSMARC

ПолеНазваниеЗначение
  Тип записи a
  Библиографический уровень a
001 Контрольный номер 2300a39825754965a351d3d19b3a01cc
005 Дата корректировки 20250304140651.7
100 Данные общей обработки __
a Данные общей обработки 20250304 ||| 0rusy0189 ca
101 Язык документа 0_
a Язык текста rus
102 Страна публикации __
a Страна публикации RU
200 Заглавие и сведения об ответственности 1_
a Заглавие Померанский шпиц
e Сведения, относящиеся к заглавию [о породе собак: история породы, характеристики, шерсть, уход]
f Первые сведения об ответственности И. Линькова
461 Уровень набора _0
1 2000
a Тошка и компания
463 Уровень физической единицы _0
1 2000
a № 1
v С. 2-5 : ил.
1 2101
d 2025
1 001b8420d666b8a4e358e1efd200cf9d144
606 Тематические рубрики 0_
a Основная рубрика Собаководство
610 Ключевые слова 0_
a Ключевые слова собаки; породы собак; шпицы; померанский шпиц; декоративные породы собак
686 Индексы других классификаций __
a Классификационный индекс 46.73
700 Автор _1
a Фамилия Линькова
b Имя (инициалы) И.
g Полное личное имя Идель
801 Источник записи _0
a Страна RU
b Организация УОБДЮ
c Дата составления 20250304
g Правила каталогизации RCR
801 Источник записи _1
a Страна RU
b Организация УОБДЮ
c Дата составления 20250304
g Правила каталогизации RCR
901 Тип документа __
t Тип документа b
w Контрольный № источника b8420d666b8a4e358e1efd200cf9d144
905 Данные по созданию БЗ __
b Логин пользователя, который создал БЗ ibo4
909 Создатель записи __
a Создатель записи Бобылёва И.В.
910 Корректоры записи __
a Корректор записи Бобылёва И.В.